[Event "Benidorm 2005 - Torneo de las Estrellas"]
[Site "Benidorm ESP"]
[Date "2005.11.17"]
[Round "1.1"]
[White "Nisipeanu, Liviu-Dieter"]
[Black "Moreno Garcia, Alfonso"]
[Result "1-0"]
[WhiteElo "2707"]
[BlackElo "2022"]
[PlyCount "59"]
[EventDate "2005.11.17"]
[EventType "swiss (rapid)"]
[EventRounds "11"]
[EventCountry "ESP"]
[Source "lmi"]
[SourceDate "2005.11.20"]

1. e4 e5 2. Nf3 Nc6 3. Bc4 Bc5 4. O-O Nf6 5. d3 O-O 6. Nbd2 a6 7. c3 d6 8. Bb3
b5 9. h3 Bb6 10. Re1 Ne7 11. Nf1 Ng6 12. Ng3 c6 13. d4 Bc7 14. Be3 d5 15. Bg5
Qd6 16. dxe5 Nxe5 17. Nxe5 Qxe5 18. f4 Qd6 19. e5 Qc5+ 20. Kh1 Ne8 21. Bc2 g6
22. Nh5 Be6 23. f5 gxf5 24. Qd2 Kh8 25. b4 Qb6 26. Nf6 Bd8 27. Be3 Qc7 28. Bc5
Be7 29. Bxe7 Qxe7 30. Qh6 1-0

[Event "Benidorm 2005 - Torneo de las Estrellas"]
[Site "Benidorm ESP"]
[Date "2005.11.17"]
[Round "1.2"]
[White "Quintana Hernandez, Marcos Ivan"]
[Black "Dreev, Alexey"]
[Result "0-1"]
[WhiteElo "1993"]
[BlackElo "2694"]
[PlyCount "46"]
[EventDate "2005.11.17"]
[EventType "swiss (rapid)"]
[EventRounds "11"]
[EventCountry "ESP"]
[Source "lmi"]
[SourceDate "2005.11.20"]

1. d4 d5 2. c4 c6 3. Nc3 Nf6 4. Nf3 e6 5. e3 Nbd7 6. Qc2 Bd6 7. g4 dxc4 8. Bxc4
e5 9. g5 Nd5 10. Rg1 O-O 11. Bd2 exd4 12. Nxd4 Nb4 13. Qb3 Nc5 14. Qd1 b5 15.
Be2 Ncd3+ 16. Bxd3 Nxd3+ 17. Ke2 Nxb2 18. Qb3 Nc4 19. Ne4 Re8 20. Nxd6 Qxd6 21.
Bc3 Qxh2 22. Rg3 Bg4+ 23. Nf3 Rxe3+ 0-1

[Event "Benidorm 2005 - Torneo de las Estrellas"]
[Site "Benidorm ESP"]
[Date "2005.11.17"]
[Round "1.3"]
[White "Malakhov, Vladimir"]
[Black "Reves Balleste, Jose"]
[Result "1-0"]
[WhiteElo "2670"]
[BlackElo "1986"]
[PlyCount "91"]
[EventDate "2005.11.17"]
[EventType "swiss (rapid)"]
[EventRounds "11"]
[EventCountry "ESP"]
[Source "lmi"]
[SourceDate "2005.11.20"]

1. e4 c6 2. Nf3 d5 3. Nc3 dxe4 4. Nxe4 Nf6 5. Nxf6+ exf6 6. h3 Bd6 7. Bc4 O-O
8. O-O Nd7 9. d4 Nb6 10. Bd3 Bc7 11. c3 Be6 12. Qc2 h6 13. Re1 Qd7 14. Bf1 Bf5
15. Qb3 Rfe8 16. Be3 Re7 17. c4 Rae8 18. Qc3 Be4 19. Nd2 Bg6 20. a4 Nc8 21. c5
Bb8 22. Nc4 Qc7 23. g3 Be4 24. Bf4 Qd7 25. Bxb8 Re6 26. Nd6 Nxd6 27. Bxd6 f5
28. f3 Bd5 29. Rxe6 Qxe6 30. Kf2 Qg6 31. Re1 Rxe1 32. Qxe1 Be6 33. Bf4 Bd5 34.
Qe5 h5 35. h4 Kh7 36. Qe7 b6 37. cxb6 axb6 38. Bd3 Be6 39. Qg5 c5 40. dxc5 bxc5
41. Qxg6+ Kxg6 42. a5 c4 43. Be2 f6 44. a6 Kf7 45. a7 Bd5 46. Bxc4 1-0

[Event "Benidorm 2005 - Torneo de las Estrellas"]
[Site "Benidorm ESP"]
[Date "2005.11.17"]
[Round "1.4"]
[White "Rueda Erazo, Juan Carlos"]
[Black "Delchev, Aleksander"]
[Result "0-1"]
[WhiteElo "1981"]
[BlackElo "2669"]
[PlyCount "54"]
[EventDate "2005.11.17"]
[EventType "swiss (rapid)"]
[EventRounds "11"]
[EventCountry "ESP"]
[Source "lmi"]
[SourceDate "2005.11.20"]

1. e4 c5 2. c3 Nf6 3. e5 Nd5 4. d4 cxd4 5. Nf3 e6 6. cxd4 d6 7. Bc4 Nb6 8. Bb5+
Bd7 9. Bxd7+ N8xd7 10. O-O dxe5 11. dxe5 Nc5 12. Nc3 Be7 13. Be3 O-O 14. Qe2
Qd3 15. Qe1 Rfd8 16. Rd1 Qc2 17. Rd2 Rxd2 18. Qxd2 Qxd2 19. Nxd2 Rc8 20. Nb5 a6
21. Nd6 Bxd6 22. exd6 Ncd7 23. Nb3 Nd5 24. Rc1 Rxc1+ 25. Nxc1 f6 26. Bd2 Kf7
27. f4 Nb8 0-1

[Event "Benidorm 2005 - Torneo de las Estrellas"]
[Site "Benidorm ESP"]
[Date "2005.11.17"]
[Round "1.5"]
[White "Karjakin, Sergey"]
[Black "Rios Torondell, Jaume"]
[Result "1-0"]
[WhiteElo "2658"]
[BlackElo "1977"]
[PlyCount "34"]
[EventDate "2005.11.17"]
[EventType "swiss (rapid)"]
[EventRounds "11"]
[EventCountry "ESP"]
[Source "lmi"]
[SourceDate "2005.11.20"]

1. e4 e6 2. d4 d5 3. Nc3 Bb4 4. e5 c5 5. a3 Ba5 6. b4 cxd4 7. Qg4 Ne7 8. bxa5
dxc3 9. Qxg7 Rg8 10. Qxh7 Nbc6 11. Nf3 Qc7 12. Bf4 Qxa5 13. Rb1 Bd7 14. Ng5
Nxe5 15. h4 O-O-O 16. Bc1 Rh8 17. Qf5 exf5 1-0

[Event "Benidorm 2005 - Torneo de las Estrellas"]
[Site "Benidorm ESP"]
[Date "2005.11.17"]
[Round "1.9"]
[White "Stefanova, Antoaneta"]
[Black "Ortega Morales, Pedro"]
[Result "1-0"]
[WhiteElo "2494"]
[BlackElo "1965"]
[PlyCount "25"]
[EventDate "2005.11.17"]
[EventType "swiss (rapid)"]
[EventRounds "11"]
[EventCountry "ESP"]
[Source "lmi"]
[SourceDate "2005.11.20"]

1. d4 Nf6 2. Bg5 e6 3. Nd2 Be7 4. c3 d5 5. e3 Nbd7 6. Ngf3 c5 7. Bd3 b6 8. Qa4
O-O 9. Ne5 Nxe5 10. dxe5 Nd7 11. Qh4 h6 12. Bxe7 Qxe7 13. Qxe7 1-0

[Event "Benidorm 2005 - Torneo de las Estrellas"]
[Site "Benidorm ESP"]
[Date "2005.11.17"]
[Round "2.1"]
[White "Pallardo Lozoya, Jose Vicente"]
[Black "Nisipeanu, Liviu-Dieter"]
[Result "0-1"]
[WhiteElo "2298"]
[BlackElo "2707"]
[PlyCount "62"]
[EventDate "2005.11.17"]
[EventType "swiss (rapid)"]
[EventRounds "11"]
[EventCountry "ESP"]
[Source "lmi"]
[SourceDate "2005.11.20"]

1. e4 c6 2. d4 d5 3. exd5 cxd5 4. Bd3 Nc6 5. c3 Qc7 6. f4 g6 7. Ne2 Bf5 8. O-O
Nf6 9. Ng3 e6 10. Qe2 O-O-O 11. Nd2 h5 12. Nf3 h4 13. Nxf5 gxf5 14. b4 Ne4 15.
Bxe4 fxe4 16. Ng5 Qd7 17. f5 exf5 18. Bf4 Bh6 19. Nh3 Bxf4 20. Rxf4 Rdg8 21.
Qf2 Rg4 22. Rxf5 Rhg8 23. Rf1 Ne7 24. Rf4 Rxg2+ 25. Qxg2 Qxh3 26. Qxg8+ Nxg8
27. Rxf7 Qg4+ 28. Kh1 e3 29. Rf8+ Kd7 30. R8f7+ Ne7 31. Re1 h3 0-1

[Event "Benidorm 2005 - Torneo de las Estrellas"]
[Site "Benidorm ESP"]
[Date "2005.11.17"]
[Round "2.2"]
[White "Dreev, Alexey"]
[Black "Bosque Ortega, Xavier"]
[Result "1-0"]
[WhiteElo "2694"]
[BlackElo "2282"]
[PlyCount "87"]
[EventDate "2005.11.17"]
[EventType "swiss (rapid)"]
[EventRounds "11"]
[EventCountry "ESP"]
[Source "lmi"]
[SourceDate "2005.11.20"]

1. d4 d5 2. c4 c6 3. Nf3 Nf6 4. e3 Bf5 5. Nc3 e6 6. Nh4 Bg6 7. Nxg6 hxg6 8. Bd2
Nbd7 9. Qb3 Qb6 10. Be2 a6 11. Qxb6 Nxb6 12. c5 Nbd7 13. f3 e5 14. b4 Be7 15.
Kf2 O-O 16. a4 Nh7 17. Bd3 Bf6 18. Ne2 exd4 19. exd4 Rfe8 20. Rhe1 Nhf8 21. Bc3
Ne6 22. b5 axb5 23. axb5 Rxa1 24. Rxa1 Nexc5 25. dxc5 Nxc5 26. Bc2 Rxe2+ 27.
Kxe2 Bxc3 28. Ra8+ Kh7 29. bxc6 bxc6 30. Rf8 f6 31. Re8 Nd7 32. h4 f5 33. Rc8
Bf6 34. h5 Ne5 35. f4 Nf7 36. hxg6+ Kxg6 37. g4 Nd8 38. Rc7 Kh7 39. Bxf5+ Kg8
40. g5 Bd4 41. Rd7 Bb6 42. Bg6 Kf8 43. f5 c5 44. Rxd5 1-0

[Event "Benidorm 2005 - Torneo de las Estrellas"]
[Site "Benidorm ESP"]
[Date "2005.11.17"]
[Round "2.3"]
[White "Sanchez Aller, Fernando"]
[Black "Malakhov, Vladimir"]
[Result "0-1"]
[WhiteElo "2274"]
[BlackElo "2670"]
[PlyCount "124"]
[EventDate "2005.11.17"]
[EventType "swiss (rapid)"]
[EventRounds "11"]
[EventCountry "ESP"]
[Source "lmi"]
[SourceDate "2005.11.20"]

1. e4 c5 2. Nf3 Nc6 3. d4 cxd4 4. Nxd4 g6 5. Nc3 Bg7 6. Be3 Nf6 7. Bc4 Qa5 8.
O-O O-O 9. Nb3 Qd8 10. f4 d6 11. h3 a5 12. Nd2 Nd7 13. Nf3 Nb6 14. Bd3 d5 15.
Bf2 dxe4 16. Nxe4 Na4 17. Bb5 Qxd1 18. Raxd1 Nxb2 19. Rb1 Be6 20. c3 Nc4 21.
Nc5 Na3 22. Nxe6 fxe6 23. Rb3 Nxb5 24. Rxb5 Nd8 25. Bb6 Bxc3 26. Ng5 Rf5 27.
Rb3 Bb4 28. Rd1 Bd6 29. Rbd3 h6 30. Ne4 Nf7 31. Be3 Bxf4 32. Bxf4 Rxf4 33. Nc5
b6 34. Nxe6 Re4 35. Nc7 Rc8 36. Nd5 b5 37. R1d2 b4 38. a3 bxa3 39. Rxa3 Rc5 40.
Nb6 Nd6 41. Rda2 Rb5 42. Na4 Rc4 43. Nc3 Re5 44. Kh2 Kg7 45. Ne2 Rcc5 46. Nd4
Nb5 47. Nxb5 Rxb5 48. Ra4 h5 49. R2a3 Kf6 50. Rc4 Rbc5 51. Rf4+ Ke6 52. Rf2 g5
53. Ra4 h4 54. g3 hxg3+ 55. Kxg3 Kd6 56. h4 Rc3+ 57. Kg4 gxh4 58. Kxh4 Rb3 59.
Rff4 Kc6 60. Rfc4+ Kb5 61. Re4 Rxe4+ 62. Rxe4 Rb4 0-1

[Event "Benidorm 2005 - Torneo de las Estrellas"]
[Site "Benidorm ESP"]
[Date "2005.11.17"]
[Round "2.4"]
[White "Delchev, Aleksander"]
[Black "Cantero, Antonio"]
[Result "1-0"]
[WhiteElo "2669"]
[BlackElo "2260"]
[PlyCount "55"]
[EventDate "2005.11.17"]
[EventType "swiss (rapid)"]
[EventRounds "11"]
[EventCountry "ESP"]
[Source "lmi"]
[SourceDate "2005.11.20"]

1. e4 e5 2. Bc4 Nf6 3. d3 Nc6 4. Nf3 Bc5 5. c3 d6 6. O-O O-O 7. h3 Bb6 8. Bb3
Ne7 9. Nbd2 c6 10. Nc4 Bc7 11. Bg5 Ng6 12. Nh4 d5 13. exd5 cxd5 14. Ne3 Nf4 15.
Nef5 h6 16. Bxf4 exf4 17. Re1 Kh7 18. Nd4 g6 19. Qd2 g5 20. Nhf5 Be6 21. Nxe6
fxe6 22. Rxe6 Rf7 23. Rae1 Ng8 24. d4 Nf6 25. Bc2 Ne4 26. Nxh6 Re7 27. Bxe4+
dxe4 28. R1xe4 1-0

[Event "Benidorm 2005 - Torneo de las Estrellas"]
[Site "Benidorm ESP"]
[Date "2005.11.17"]
[Round "2.5"]
[White "Valmaña Canto, Jaime"]
[Black "Karjakin, Sergey"]
[Result "0-1"]
[WhiteElo "2257"]
[BlackElo "2658"]
[PlyCount "84"]
[EventDate "2005.11.17"]
[EventType "swiss (rapid)"]
[EventRounds "11"]
[EventCountry "ESP"]
[Source "lmi"]
[SourceDate "2005.11.20"]

1. e4 c5 2. Nf3 d6 3. d4 cxd4 4. Nxd4 Nf6 5. Nc3 a6 6. Be3 e5 7. Nf3 Be7 8. Bc4
O-O 9. O-O Be6 10. Bb3 Nc6 11. Bg5 Na5 12. Bxf6 Bxf6 13. Bd5 Rc8 14. Qd3 b5 15.
a3 Qb6 16. Rfd1 Rfd8 17. Nd2 Bg5 18. Nf1 Nc4 19. Rab1 b4 20. axb4 Qxb4 21. Na2
Qa5 22. Nc1 Bxd5 23. Qxd5 Qxd5 24. Rxd5 Nb6 25. Ra5 Rxc2 26. Nd3 Rc4 27. Rxa6
Rb8 28. Ng3 g6 29. Kf1 Rd4 30. Ke2 h5 31. f3 Nc4 32. b4 Ne3 33. Ne1 Rdxb4 34.
Rxb4 Rxb4 35. Nd3 Rc4 36. Ne1 h4 37. Rxd6 Nxg2 38. Nf1 Nxe1 39. Kxe1 Rc2 40.
Nd2 h3 41. Rd5 Bf4 42. Kd1 Ra2 0-1

[Event "Benidorm 2005 - Torneo de las Estrellas"]
[Site "Benidorm ESP"]
[Date "2005.11.17"]
[Round "2.7"]
[White "Arjun, Vishnuvardhan"]
[Black "Stefanova, Antoaneta"]
[Result "0-1"]
[WhiteElo "2190"]
[BlackElo "2494"]
[PlyCount "112"]
[EventDate "2005.11.17"]
[EventType "swiss (rapid)"]
[EventRounds "11"]
[EventCountry "ESP"]
[Source "lmi"]
[SourceDate "2005.11.20"]

1. e4 e5 2. Bc4 Nf6 3. d3 Nc6 4. Nc3 Na5 5. Qf3 Nxc4 6. dxc4 Bc5 7. Nge2 d6 8.
h3 Be6 9. b3 h6 10. Bb2 Nh7 11. Ng3 Qf6 12. Qxf6 Nxf6 13. Nd5 Nxd5 14. cxd5 Bd7
15. O-O O-O 16. Kh2 f5 17. exf5 Bxf5 18. Nxf5 Rxf5 19. f3 Raf8 20. Rfe1 Rf4 21.
Re2 g5 22. Rd1 b5 23. Bc1 Rd4 24. Rxd4 Bxd4 25. Be3 Bb6 26. Kg3 Kg7 27. h4 Kg6
28. hxg5 hxg5 29. Bxb6 axb6 30. c3 Rh8 31. Re4 Rh1 32. a4 Rc1 33. axb5 Rxc3 34.
b4 Kf5 35. Kh3 Rd3 36. Rc4 Rxd5 37. Rxc7 Rxb5 38. Rf7+ Ke6 39. Rg7 Kf6 40. Rd7
d5 41. Rd6+ Ke7 42. Rg6 d4 43. Kg3 Rxb4 44. Rxg5 Ke6 45. Kf2 Rb2+ 46. Ke1 b5
47. g3 Kf6 48. Rg8 b4 49. Rf8+ Ke6 50. Re8+ Kd5 51. f4 e4 52. Re5+ Kc4 53. Rxe4
b3 54. Re8 Rh2 55. Rb8 b2 56. Kd1 Kc3 0-1

[Event "Benidorm 2005 - Torneo de las Estrellas"]
[Site "Benidorm ESP"]
[Date "2005.11.17"]
[Round "3.1"]
[White "Nisipeanu, Liviu-Dieter"]
[Black "Minzer, Claudio Javier"]
[Result "1-0"]
[WhiteElo "2707"]
[BlackElo "2438"]
[PlyCount "70"]
[EventDate "2005.11.17"]
[EventType "swiss (rapid)"]
[EventRounds "11"]
[EventCountry "ESP"]
[Source "lmi"]
[SourceDate "2005.11.20"]

1. e4 c5 2. Nf3 Nc6 3. d4 cxd4 4. Nxd4 g6 5. c4 Nf6 6. Nc3 Nxd4 7. Qxd4 d6 8.
Be3 Bg7 9. f3 O-O 10. Qd2 a5 11. Be2 a4 12. O-O Qa5 13. Rab1 Be6 14. Rfc1 Rfc8
15. b4 axb3 16. axb3 Qb4 17. Na4 Qxd2 18. Bxd2 Nd7 19. Be3 f5 20. Bd3 Rc6 21.
exf5 gxf5 22. Nc3 Nc5 23. Bf1 Ra3 24. Nd5 Kf7 25. b4 Na4 26. Bf2 b5 27. Re1
bxc4 28. Nf4 Bd7 29. b5 Rc8 30. b6 Be5 31. b7 Bxf4 32. bxc8=Q Bxc8 33. Bxc4+ d5
34. Bxd5+ e6 35. Bxe6+ Bxe6 1-0

[Event "Benidorm 2005 - Torneo de las Estrellas"]
[Site "Benidorm ESP"]
[Date "2005.11.17"]
[Round "3.2"]
[White "Djingarova, Emilia"]
[Black "Dreev, Alexey"]
[Result "0-1"]
[WhiteElo "2358"]
[BlackElo "2694"]
[PlyCount "80"]
[EventDate "2005.11.17"]
[EventType "swiss (rapid)"]
[EventRounds "11"]
[EventCountry "ESP"]
[Source "lmi"]
[SourceDate "2005.11.20"]

1. e4 c6 2. d4 d5 3. Nd2 dxe4 4. Nxe4 Bf5 5. Ng3 Bg6 6. h4 h6 7. h5 Bh7 8. Nf3
e6 9. Bd3 Bxd3 10. Qxd3 Nf6 11. Bf4 Qa5+ 12. Bd2 Bb4 13. c3 Be7 14. c4 Bb4 15.
a3 Bxd2+ 16. Nxd2 Nbd7 17. b4 Qc7 18. O-O Rd8 19. Nde4 Qf4 20. Qe2 O-O 21. Rad1
Qh4 22. Rfe1 Ng4 23. Nd2 Ngf6 24. Nf3 Qf4 25. Ne5 Nxe5 26. dxe5 Rxd1 27. Rxd1
Ng4 28. Re1 Rd8 29. Nf1 Rd3 30. Qxd3 Qxf2+ 31. Kh1 Qxe1 32. Qd8+ Kh7 33. Qd3+
g6 34. hxg6+ Kg7 35. Qf3 Nxe5 36. Qf4 Nxg6 37. Qf3 Qh4+ 38. Nh2 Qxc4 39. Ng4
Qc1+ 40. Kh2 Qf4+ 0-1

[Event "Benidorm 2005 - Torneo de las Estrellas"]
[Site "Benidorm ESP"]
[Date "2005.11.17"]
[Round "3.3"]
[White "Malakhov, Vladimir"]
[Black "Lariño Nieto, David"]
[Result "1-0"]
[WhiteElo "2670"]
[BlackElo "2325"]
[PlyCount "51"]
[EventDate "2005.11.17"]
[EventType "swiss (rapid)"]
[EventRounds "11"]
[EventCountry "ESP"]
[Source "lmi"]
[SourceDate "2005.11.20"]

1. Nf3 d5 2. c4 e6 3. g3 c5 4. cxd5 exd5 5. d4 Nc6 6. Bg2 Nf6 7. O-O Be7 8.
dxc5 Bxc5 9. Nc3 O-O 10. Na4 Be7 11. Be3 Ne4 12. Rc1 Re8 13. Nd4 Bd7 14. Nc3
Nxc3 15. Rxc3 Bf6 16. Re1 Bg4 17. Nxc6 bxc6 18. Rxc6 d4 19. Rxf6 dxe3 20. Rd6
exf2+ 21. Kxf2 Qe7 22. Bxa8 Rxa8 23. Qd2 Re8 24. Rd1 h5 25. Rd8 Qc5+ 26. Qd4
1-0

[Event "Benidorm 2005 - Torneo de las Estrellas"]
[Site "Benidorm ESP"]
[Date "2005.11.17"]
[Round "3.4"]
[White "Asmundsson, Ingvar"]
[Black "Delchev, Aleksander"]
[Result "0-1"]
[WhiteElo "2303"]
[BlackElo "2669"]
[PlyCount "40"]
[EventDate "2005.11.17"]
[EventType "swiss (rapid)"]
[EventRounds "11"]
[EventCountry "ESP"]
[Source "lmi"]
[SourceDate "2005.11.20"]

1. e4 c5 2. Nf3 e6 3. c3 Nf6 4. e5 Nd5 5. d4 cxd4 6. cxd4 d6 7. Bc4 Nb6 8. Bd3
dxe5 9. Nxe5 Nc6 10. Nxc6 bxc6 11. Be3 Nd5 12. O-O Be7 13. Nc3 O-O 14. Rc1 Nxe3
15. fxe3 c5 16. dxc5 Rb8 17. b3 Bxc5 18. Bxh7+ Kh8 19. Qh5 Bxe3+ 20. Kh1 Qg5
0-1

[Event "Benidorm 2005 - Torneo de las Estrellas"]
[Site "Benidorm ESP"]
[Date "2005.11.17"]
[Round "3.5"]
[White "Karjakin, Sergey"]
[Black "Contreras, Henry"]
[Result "1-0"]
[WhiteElo "2658"]
[BlackElo "2311"]
[PlyCount "110"]
[EventDate "2005.11.17"]
[EventType "swiss (rapid)"]
[EventRounds "11"]
[EventCountry "ESP"]
[Source "lmi"]
[SourceDate "2005.11.20"]

1. e4 c5 2. Nf3 e6 3. d4 cxd4 4. Nxd4 Nf6 5. Nc3 a6 6. e5 Ng8 7. Bf4 Ne7 8. Bd3
Ng6 9. Bxg6 hxg6 10. O-O d5 11. exd6 Bxd6 12. Nxe6 Bxe6 13. Bxd6 Nd7 14. Nd5
Rc8 15. Nf4 Nf8 16. g3 Rc6 17. Bxf8 Qxd1 18. Raxd1 Rxf8 19. Nxe6 Rxe6 20. Rd2
f6 21. Rfd1 Re7 22. Rd6 Kf7 23. Rb6 Rc8 24. c3 Rcc7 25. h4 Re2 26. Rd4 Ree7 27.
Kg2 Ke8 28. Kf3 Kf7 29. Re4 Red7 30. Ke2 Rd5 31. Rd4 Re5+ 32. Kd3 Ree7 33. a4
Re1 34. Rbd6 Rce7 35. Rd7 Rd1+ 36. Kc2 Rde1 37. Rxe7+ Rxe7 38. Kd3 Rc7 39. a5
Ke6 40. b4 Ke5 41. c4 Rf7 42. Rd5+ Ke6 43. Kd4 Rc7 44. c5 Rc8 45. Rd6+ Ke7 46.
Kd5 Rh8 47. Rb6 Rd8+ 48. Kc4 Rd7 49. c6 bxc6 50. Rxc6 Ra7 51. Kc5 Kd7 52. Kb6
Ra8 53. Rc7+ Kd6 54. Rxg7 Rb8+ 55. Rb7 Kd5 1-0

[Event "Benidorm 2005 - Torneo de las Estrellas"]
[Site "Benidorm ESP"]
[Date "2005.11.17"]
[Round "3.7"]
[White "Stefanova, Antoaneta"]
[Black "Ballesteros, David"]
[Result "1-0"]
[WhiteElo "2494"]
[BlackElo "2163"]
[PlyCount "66"]
[EventDate "2005.11.17"]
[EventType "swiss (rapid)"]
[EventRounds "11"]
[EventCountry "ESP"]
[Source "lmi"]
[SourceDate "2005.11.20"]

1. d4 Nf6 2. Bg5 Ne4 3. Bf4 d5 4. e3 e6 5. Bd3 c5 6. Bxe4 dxe4 7. Nc3 cxd4 8.
Qxd4 Qxd4 9. exd4 Bb4 10. Nge2 Bd7 11. O-O-O f5 12. d5 O-O 13. dxe6 Bxe6 14.
Nd4 Bc4 15. Ncb5 Bxb5 16. Nxb5 Nc6 17. Bd6 Bxd6 18. Nxd6 b6 19. Rd5 Rad8 20.
Rhd1 Nb4 21. R5d4 Nc6 22. R4d2 g6 23. a3 Kg7 24. b4 a6 25. Rd5 Rf6 26. c4 Ne5
27. Nxf5+ Rxf5 28. Rxd8 Rxf2 29. R8d2 Rf5 30. Rd4 Nd3+ 31. Kc2 Rf2+ 32. Kc3 Nb2
33. R1d2 e3 1-0

[Event "Benidorm 2005 - Torneo de las Estrellas"]
[Site "Benidorm ESP"]
[Date "2005.11.18"]
[Round "4.1"]
[White "Karjakin, Sergey"]
[Black "Nisipeanu, Liviu-Dieter"]
[Result "1/2-1/2"]
[WhiteElo "2658"]
[BlackElo "2707"]
[PlyCount "30"]
[EventDate "2005.11.17"]
[EventType "swiss (rapid)"]
[EventRounds "11"]
[EventCountry "ESP"]
[Source "lmi"]
[SourceDate "2005.11.20"]

1. e4 c5 2. Nf3 d6 3. d4 cxd4 4. Nxd4 Nf6 5. Nc3 Nc6 6. Bg5 g6 7. Bxf6 exf6 8.
Qd2 Bg7 9. O-O-O O-O 10. Ndb5 f5 11. Nxd6 fxe4 12. Ndxe4 Qxd2+ 13. Nxd2 Bf5 14.
Nde4 Nb4 15. Bc4 Nxc2 1/2-1/2

[Event "Benidorm 2005 - Torneo de las Estrellas"]
[Site "Benidorm ESP"]
[Date "2005.11.18"]
[Round "4.2"]
[White "Dreev, Alexey"]
[Black "Stefanova, Antoaneta"]
[Result "1-0"]
[WhiteElo "2694"]
[BlackElo "2494"]
[PlyCount "100"]
[EventDate "2005.11.17"]
[EventType "swiss (rapid)"]
[EventRounds "11"]
[EventCountry "ESP"]
[Source "lmi"]
[SourceDate "2005.11.20"]

1. d4 d5 2. c4 c6 3. Nc3 Nf6 4. e3 a6 5. Nf3 e6 6. b3 Bb4 7. Bd2 Nbd7 8. Bd3
O-O 9. O-O Qe7 10. Qe1 a5 11. Rc1 e5 12. dxe5 Nxe5 13. Nxe5 Qxe5 14. cxd5 Nxd5
15. Nxd5 Qxd5 16. Bxb4 axb4 17. Bb1 c5 18. Qd1 Qxd1 19. Rfxd1 b6 20. Rd6 Rb8
21. f4 g6 22. e4 Re8 23. Kf2 Ba6 24. e5 Red8 25. Rcd1 Rdc8 26. Be4 Bb7 27. Bd3
Ra8 28. Rd2 Rd8 29. Rxb6 Be4 30. Rd6 Rxd6 31. exd6 Bxd3 32. Rxd3 Kf8 33. Ke3
Ke8 34. Rd2 Kd7 35. Ke4 Ra6 36. Ke5 f5 37. h4 Rc6 38. Kf6 c4 39. bxc4 Rxc4 40.
Kg5 Rc3 41. Kh6 Rg3 42. Kxh7 Rg4 43. Kg7 Rxh4 44. g3 Rh3 45. Rg2 Kxd6 46. Kxg6
Ke6 47. Kg5 Rh1 48. Re2+ Kd5 49. Kxf5 Kc4 50. g4 Kd5 1-0

[Event "Benidorm 2005 - Torneo de las Estrellas"]
[Site "Benidorm ESP"]
[Date "2005.11.18"]
[Round "4.3"]
[White "Korneev, Oleg"]
[Black "Malakhov, Vladimir"]
[Result "1/2-1/2"]
[WhiteElo "2601"]
[BlackElo "2670"]
[PlyCount "106"]
[EventDate "2005.11.17"]
[EventType "swiss (rapid)"]
[EventRounds "11"]
[EventCountry "ESP"]
[Source "lmi"]
[SourceDate "2005.11.20"]

1. e4 c5 2. Nf3 Nc6 3. d4 cxd4 4. Nxd4 g6 5. c4 Nf6 6. Nc3 d6 7. Be2 Bg7 8. Be3
O-O 9. O-O Nxd4 10. Bxd4 Bd7 11. Qd2 Bc6 12. f3 Nd7 13. Be3 a5 14. b3 Qb8 15.
Rac1 Rc8 16. Rfd1 Nc5 17. Nb5 b6 18. Bf1 Qb7 19. Qf2 h5 20. Kh1 Kh7 21. Bg5 Ne6
22. Be3 Rab8 23. Kg1 Bxb5 24. cxb5 Bh6 25. Bxh6 Kxh6 26. Bc4 Kg7 27. Bd5 Rxc1
28. Rxc1 Qd7 29. Bxe6 Qxe6 30. Qd4+ Qf6 31. Qxf6+ Kxf6 32. Kf2 Ke6 33. Ke3 f5
34. h4 Ke5 35. f4+ Ke6 36. a4 Kd7 37. Rc6 Rc8 38. exf5 gxf5 39. Rxb6 Rc3+ 40.
Kd2 Rxb3 41. Ra6 Kc8 42. Rxa5 Kb7 43. Ra6 Rg3 44. a5 Rxg2+ 45. Kc3 Ra2 46. Kb4
Rb2+ 47. Kc4 Rc2+ 48. Kb3 Rc1 49. Rb6+ Kc7 50. Ra6 Kb7 51. Kb4 Rc2 52. Rb6+ Kc7
53. Ra6 Kb7 1/2-1/2

[Event "Benidorm 2005 - Torneo de las Estrellas"]
[Site "Benidorm ESP"]
[Date "2005.11.18"]
[Round "4.4"]
[White "Delchev, Aleksander"]
[Black "Vega Gomez, Francisco B"]
[Result "1-0"]
[WhiteElo "2669"]
[BlackElo "1963"]
[PlyCount "59"]
[EventDate "2005.11.17"]
[EventType "swiss (rapid)"]
[EventRounds "11"]
[EventCountry "ESP"]
[Source "lmi"]
[SourceDate "2005.11.20"]

1. e4 d5 2. exd5 Qxd5 3. Nc3 Qa5 4. d4 c6 5. Nf3 Nf6 6. Bd2 Bf5 7. Bc4 e6 8.
Nd5 Qd8 9. Nxf6+ Qxf6 10. Qe2 Nd7 11. O-O-O Nb6 12. Bg5 Qg6 13. h4 h6 14. Ne5
Qh7 15. Bf4 Be7 16. g4 Be4 17. f3 Nxc4 18. Nxc4 Bd5 19. Nd6+ Bxd6 20. Bxd6 b5
21. b3 Rd8 22. Bc5 Rb8 23. h5 a5 24. Rhe1 b4 25. f4 Kd8 26. Qa6 Rb5 27. Re5 Be4
28. Bb6+ Kd7 29. Qb7+ Ke8 30. Qc8+ 1-0

[Event "Benidorm 2005 - Torneo de las Estrellas"]
[Site "Benidorm ESP"]
[Date "2005.11.18"]
[Round "4.5"]
[White "Serrano Marhuenda, Salvador"]
[Black "Garcia Fernandez, Carlos"]
[Result "1/2-1/2"]
[WhiteElo "2186"]
[BlackElo "2346"]
[PlyCount "129"]
[EventDate "2005.11.17"]
[EventType "swiss (rapid)"]
[EventRounds "11"]
[EventCountry "ESP"]
[Source "lmi"]
[SourceDate "2005.11.20"]

1. e4 d6 2. d4 Nf6 3. Nc3 e5 4. Nf3 Nbd7 5. Bc4 Be7 6. O-O O-O 7. a4 c6 8. Re1
b6 9. h3 a6 10. b3 Rb8 11. Bf1 Re8 12. Bb2 Bf8 13. Qd2 h6 14. Rad1 Qc7 15. g4
Nh7 16. Bg2 Qd8 17. Ne2 Ng5 18. Nxg5 hxg5 19. Ng3 g6 20. dxe5 dxe5 21. Bc1 Be7
22. Qc3 Qc7 23. Be3 Nf8 24. Bf1 b5 25. axb5 axb5 26. b4 Ne6 27. Ra1 Bb7 28.
Red1 Ra8 29. Qb2 Rxa1 30. Rxa1 Ra8 31. Rxa8+ Bxa8 32. c3 Bb7 33. Qa2 Bc8 34.
Qa7 Qd8 35. Qa8 Qd7 36. Qa7 Kg7 37. Qxd7 Bxd7 38. Kh2 Kf8 39. Bd3 Ke8 40. Ne2
c5 41. bxc5 Bxc5 42. Bxc5 Nxc5 43. Bc2 Ke7 44. Kg3 Bc6 45. f3 Na4 46. Kf2 Kd6
47. Ke3 Bd7 48. Bb3 Be6 49. Bxe6 Kxe6 50. Kd3 Kd6 51. Nc1 Nc5+ 52. Kc2 Ne6 53.
Nd3 Nf4 54. Nxf4 exf4 55. Kb2 Kc5 56. Kb3 f6 57. Kb2 Kc4 58. Kc2 b4 59. cxb4
Kxb4 60. Kd3 Kc5 61. Kc3 Kd6 62. Kd4 Ke6 63. Kc5 Ke5 64. Kc4 Ke6 65. Kd4
1/2-1/2

[Event "Benidorm 2005 - Torneo de las Estrellas"]
[Site "Benidorm ESP"]
[Date "2005.11.18"]
[Round "4.6"]
[White "Neubauer, Martin"]
[Black "Cruz Alvarez de Ron, Dan"]
[Result "1/2-1/2"]
[WhiteElo "2442"]
[BlackElo "2244"]
[PlyCount "92"]
[EventDate "2005.11.17"]
[EventType "swiss (rapid)"]
[EventRounds "11"]
[EventCountry "ESP"]
[Source "lmi"]
[SourceDate "2005.11.20"]

1. e4 g6 2. d4 Bg7 3. Nc3 d6 4. f4 a6 5. Nf3 b5 6. Bd3 Bb7 7. e5 e6 8. a4 b4 9.
Ne4 Bxe4 10. Bxe4 d5 11. Bd3 Ne7 12. a5 c5 13. dxc5 Qc7 14. Be3 Nd7 15. Qd2 Rb8
16. Bxa6 O-O 17. Bd3 Nxc5 18. O-O Ne4 19. Qe1 Nc6 20. Bb6 Rxb6 21. axb6 Qxb6+
22. Kh1 Nc5 23. Qf2 d4 24. b3 Rd8 25. Nd2 Na5 26. Nc4 Nxc4 27. Bxc4 Ne4 28. Qe2
Nc3 29. Qf3 Bf8 30. Ra6 Qc5 31. Rfa1 Qe7 32. Ra7 Qh4 33. g3 Qh3 34. Rb7 h5 35.
Raa7 d3 36. Bxd3 Rxd3 37. Qxd3 Ne4 38. Qf3 Bc5 39. Rxf7 Nf2+ 40. Qxf2 Bxf2 41.
Rg7+ Kf8 42. Rgf7+ Ke8 43. Rfe7+ Kd8 44. Red7+ Kc8 45. Rdb7 Bxa7 46. Rxa7 Kb8
1/2-1/2